Finland Immigration by Country - Statistics

General Stats
  • This quiz has been taken 4,370 times
    4,114 since last reset
  • The average score is 15 of 20
Answer Stats
# People Country of Origin % Correct
73,759 Russia | Soviet Union
99%
32,921 Sweden
99%
46,041 Estonia
94%
6,677 United Kingdom
94%
6,893 Germany
87%
5,,576 United States
87%
11,935 China
85%
5,000 Poland
81%
7,865 India
80%
19,008 Iraq
79%
6,753 Syria
78%
7,876 Iran
77%
8,166 Turkey
74%
7,321 Afghanistan
64%
12,110 Somalia
60%
4,183 Romania
55%
9,049 Vietnam
55%
11,288 Thailand
50%
9,099 Serbia | Yugoslavia
43%
5,594 Philippines
38%
No matching quizzes found
Score Distribution
Percent of People with Each Score
Percentile by Number Answered
Your Score History
You have not taken this quiz since the last reset